The Amsterdam diversion

Bibliographic Details
Main Author: Ross, Angus
Format: Book
Published: Bath : Chivers Press , 1989

MARC

LEADER 00000cam a2200000 7i4500
001 0000003910
002 000004211
005 20000330.0
020 |a 0859979822 
090 0 0 |a F   |b ROS 
100 1 |a Ross, Angus 
245 1 4 |a The Amsterdam diversion   |c Angus Ross 
260 |a Bath :   |b Chivers Press ,   |c 1989 
300 |a 181p. ;   |c 20cm. 
999 |a 030511   |b BUKU   |c PINJAMAN   |e PERPUSTAKAAN KOMUNITI PETALING JAYA